Unusual - and sometimes unflattering - Presidential Nicknames - Statistics

General Stats
  • This quiz has been taken 22 times
    21 since last reset
  • The average score is 5 of 15
Answer Stats
Nickname President % Correct
Slick Willie Bill Clinton
100%
Tricky Dick Richard Nixon
100%
American Cincinnatus George Washington
60%
The Rail Splitter Abraham Lincoln
40%
Ten Cent Jimmy James Buchanan
40%
His Accidency John Tyler
30%
Sharp Knife Andrew Jackson
20%
The Sphinx Franklin Roosevelt
20%
The Human Iceberg Benjamin Harrison
10%
Dude President Chester Arthur
10%
Boatman Jim James Garfield
10%
The Last Cocked Hat James Monroe
10%
Light Bulb Lyndon Johnson
10%
Iron Butt Richard Nixon
10%
Wobbly Willie William McKinley
10%
No matching quizzes found
Score Distribution
Percent of People with Each Score
Percentile by Number Answered
Your Score History
You have not taken this quiz since the last reset